000 01978nam a2200517 i 4500
001 25899
003 KOSZ 005
005 20200827132456.0
008 200827s1970 pl a f 000 0 pol
015 _aUWD B 457/70-72
035 _a991037339239705066
035 _a(PL-WaBN)b20015057-48omnis_nlop
035 _ab20015057
035 _a(OCoLC)830897794
035 _a(PL)b0000002001505
035 _a(EXLNZ-48OMNIS_NETWORK)9910493457505606
040 _aWA N
_cWA N
_dKOSZ 005/RW
046 _k1970
080 _a621.38
080 _a537
100 1 _aChroboczek, Jan
_eAutor
245 1 0 _aZjawiska przełączania w półprzewodnikach amorficznych i ich struktura pasmowa /
_cJan Chroboczek ; Instytut Technologii Elektronowej przy Naukowo-Produkcyjnym Centrum Półprzewodników.
260 _aWarszawa :
_b"Wema",
_c1970.
300 _a18 stron :
_bilustracje ;
_c24 cm.
336 _aTekst
_btxt
_2rdacontent
337 _aBez urządzenia pośredniczącego
_bn
_2rdamedia
338 _aWolumin
_bnc
_2rdacarrier
380 _aKsiążki
380 _aPublikacje fachowe
388 1 _a1901-2000
388 1 _a1945-1989
490 1 _aPrace Instytutu Technologii Elektronowej ;
_vIII, 17
504 _aBibliografia na stronach 17-18.
506 _aNa prawach rękopisu, do użytku wewnętrznego.
650 7 _aPółprzewodniki
650 7 _aPrzewodnictwo elektryczne
650 7 _aPomiary
655 7 _aOpracowanie
658 _aInżynieria i technika
710 2 _aCentrum Naukowo-Produkcyjne Półprzewodników i Mikroelektroniki.
_bInstytut Technologii Elektronowej
710 2 _aWydawnictwa Przemysłu Maszynowego "Wema"
_4pbl
830 0 _aPrace Instytutu Technologii Elektronowej CEMI
_vIII, 17
856 _uhttp://koha.tu.koszalin.pl/cgi-bin/koha/opac-detail.pl?biblionumber=25899
_yKatalog online BPK
942 _2UKD
_cKS
999 _c25899
_d25899